000 00706nam a2200289Ia 4500
005 20260324121619.0
008 008 260324s9999 xx 000 0 eng d
020 _a9781315549118
037 _aEBOOK
040 _aCRL
040 _beng
040 _cCRL
041 _2eng
041 _aeng
084 _qCRL
100 _aRebecca Richards
_91163189
245 0 _aUnderstanding Statebuilding
245 0 _bTraditional Governance and the Modern State in Somaliland
260 _bTaylor and Francis
260 _c2014
365 _a
365 _b230
856 _uhttp://www.taylorfrancis.com/books/9781315549118
942 _cEBOOK
999 _c1755418
_d1755418